Countries that border Germany - Statistics

General Stats
  • This quiz has been taken 22 times
  • The average score is 9 of 9
Answer Stats
Kilometres Miles Country % Correct
133 83 Belgium
100%
128 80 Luxembourg
100%
575 357 Netherlands
100%
467 290 Poland
100%
801 498 Austria
94%
140 87 Denmark
94%
418 260 France
94%
704 437 Czechia
89%
348 216 Switzerland
89%
No matching quizzes found
Score Distribution
Percent of People with Each Score
Percentile by Number Answered
Your Score History
You have not taken this quiz